000 00617nam a2200229 i 4500
001 bg
100 1 _aHibbeler, Russel Charles.
245 1 0 _aMechanics of materials /
_cR.
_nC. Hibbeler.
250 _a4th ed.
260 _aUpper Saddle River :
_bPrentice Hall,
_c1999.
300 _aXIV, 848 s. :
_bfot., rys. ;
_c25 cm.
504 _aBibliogr., indeks.
650 9 _aWytrzymałość materiałów
650 9 _aAnaliza strukturalna
020 _a0130164674
040 _cBPK
041 0 _aen
080 _a539.3/.5
920 _a0-13-016467-4
942 _cKS
008 s pl f |000 0 pol
999 _c37580
_d37580
856 _uhttp://koha.tu.koszalin.pl/cgi-bin/koha/opac-detail.pl?biblionumber=37580
_yKatalog online BPK